| 000 | 00391cam a22001337a 4500 | ||
|---|---|---|---|
| 008 | 180718b1963 xxu||||| |||| 00| 0 eng d | ||
| 082 | _aD L617 | ||
| 100 | _aLichtheim, George | ||
| 245 |
_aEurope and America: the future of the Atlanitic community _cby George. Lichtheim |
||
| 260 |
_aLondon _bThames & Hudson _c1963 |
||
| 300 | _a256p. | ||
| 500 | _a25/- | ||
| 650 | _aInternational Relations | ||
| 999 |
_c371948 _d371948 |
||